| 000 | 00679nam a2200217 u 4500 | ||
|---|---|---|---|
| 005 | 20220519151831.0 | ||
| 008 | 101019s2007 r 000 0 eng d | ||
| 020 | _a9788497542944 | ||
| 035 | _aUPN01000178233 | ||
| 049 | _aI | ||
| 050 | 4 |
_aQB213 _bR5.2 |
|
| 100 | 1 | _aRichardson, Hazel | |
| 245 | 1 | 0 |
_aCómo-- construir una máquina del tiempo / _cHazel Richardson ; il. de Alan Rowe ; tr. de Joan Carles Guix. |
| 260 |
_aBarcelona, Esp. : _bOniro, _cc2007. |
||
| 300 |
_a92 p. : _bil. |
||
| 440 | 0 |
_aCómo --- ; _v52 |
|
| 534 |
_pTraducción de: _tHow to build a time machine |
||
| 650 | 2 |
_aTiempo _xMedidas _916031 |
|
| 650 | 2 |
_aEspacio y tiempo _94017 |
|
| 905 | _aInfantil | ||
| 999 |
_c150336 _d150336 |
||